000 00300nam a2200109 a 4500
005 20140412111405.0
008 060616s19uu xx 00 eng d
050 _aTR(GS 372.4
_bB35 L.2Unit3
245 _aSRA Open Court Reading :
_bUnit 3 Assessment.
260 _bMcgrawhill,
_c2005.
999 _c105541
_d105541